000 00498 a2200133 4500
082 _aMS-IT-7
_bMOM
100 _aSyeda Momina Tabish
_999049
245 _aDetection of malicious portable executables
_cSyeda Momina Tabish
260 _aIslamabad:
_bNUST School of Electrical Engineering & Computer Science,
_c2010.
300 _ax, 75 p. :
_bill. ;
_c27 cm.
500 _aSupervisor : Dr. Fauzan Mirza.
856 _uhttp://10.250.8.41:8080/xmlui/handle/123456789/10015
942 _cPR
_kMS-IT- 7 MOM
_2ddc
999 _c10151
_d10151